000 nam a22 7a 4500
999 _c7311
_d7311
008 170808b xxu||||| |||| 00| 0 eng d
100 _93851
_aMaltz Maxwell
245 _aCreative living for today
260 _aNew York
_c1967